000 00503nam a2200193Ia 4500
005 20140407092604.0
008 140130s9999 xx 000 0 und d
020 _a0439519136
050 _aT 48
_b.B496 2006
100 _aBerger, Melvin
_94942
245 _cMelvin Berger.
_aThink factory :
_bamazing inventions /
260 _bScholastic,
_c2006.
_aUSA :
300 _a47 p. :
_bcol. ill. ;
_c26 cm.
440 _v1
_931174
521 _aG7
526 _c880
942 _cBK
_2lcc
999 _c41249
_d41249